000 00594nam a2200205 a 4500
005 20240925064117.0
008 991125s1988 bar 000 0 spa u
020 _a9502800931
035 _aUPN01000011279
049 _aCG
050 4 _aBF431
_bP5.38
100 1 _aPiaget, Jean,
_d1896-1980
245 1 3 _aLa construcción de lo real en el niño /
_cJean Piaget ; tr. Rafael Santamaría.
260 _aBarcelona, Esp. :
_bCrítica,
_c1988.
300 _a351 p.
440 0 _aEstudios y ensayos ;
_v149
650 4 _aInteligencia
_9939
650 4 _aNiño, Estudio del
_9221
905 _aLibro
999 _c11279
_d11279